000 00695nam a2200241Ia 4500
003 GCL
008 140319s9999 xx 000 0 ara d
040 _aGCL /
_cGCL
082 0 4 _a155.23
_bع ش
100 1 _aعبدالحكيم دهينه
245 1 0 _aشخصيتك فى الميزان /
_cعبدالحكيم دهينه
300 _a119 ص
490 _aاقرأ
_v0
650 0 4 _aعلم النفس
650 0 4 _aالشخصية
650 0 4 _aاللاشعور
650 0 4 _aالسلوك الاجتماعى
650 0 4 _aالانا
650 0 4 _aالاختبارات الشخصية
650 0 4 _aالشعور
650 0 4 _aالجاذبية (علم الجمال)
942 _2ddc
_cBK
999 _c47001
_d47001